000 00496nam a22001577a 4500
003 OSt
005 20151117153052.0
008 151117b xxu||||| |||| 00| 0 eng d
040 _cRUA
082 _aFIS ធ 1993 B150 Or.1
100 _93813
_aធ សែនសេរីវឌ្ឃន៍
245 _aលក្ខណៈជីវសាស្រ្ដ និងការដាំដុះដើមរាំង
260 _aPhnom Penh
_bRUA
_c1993
300 _a66p.
_bill.
_c29cm.
942 _2ddc
_cFIS
999 _c3545
_d3545